The world according to Hollywood, 1918-1939 /

Bibliographic Details
Main Author: Vasey, Ruth
Format: Book
Language:English
Published: Madison : University of Wisconsin Press, [1997]
Series:Wisconsin studies in film.
Subjects:

MARC

Tag First Indicator Second Indicator Subfields
LEADER 00000cam a2200000 a 4500
001 in00001349913
005 20151006062801.0
008 960409s1997 wiua b s001 0 eng
010 |a  96018042  
020 |a 0299151905 (cloth : alk. paper) 
020 |a 0299151948 (alk. paper) 
035 |a (OCoLC)34598144 
035 |9 AHG7703AM 
040 |a DLC  |c DLC  |d C#P  |d TXA  |d UtOrBLW 
043 |a n-us--- 
049 |a TXAM 
050 0 0 |a PN1995.62  |b .V37 1997 
082 0 0 |a 363.3/1/0973  |2 20 
100 1 |a Vasey, Ruth. 
245 1 4 |a The world according to Hollywood, 1918-1939 /  |c Ruth Vasey. 
264 1 |a Madison :  |b University of Wisconsin Press,  |c [1997] 
264 4 |c ©1997 
300 |a xv, 299 pages :  |b illustrations ;  |c 24 cm. 
336 |a text  |b txt  |2 rdacontent 
337 |a unmediated  |b n  |2 rdamedia 
338 |a volume  |b nc  |2 rdacarrier 
490 1 |a Wisconsin studies in film 
504 |a Includes bibliographical references (pages 275-284) and index. 
650 0 |a Motion pictures  |x Censorship  |z United States  |x History. 
830 0 |a Wisconsin studies in film. 
999 |a MARS 
999 f f |s a6af1302-0d12-3006-8d7f-fcd7d7c4ae93  |i a3311a13-49d6-3bb9-b0ae-4fa00c8e825b  |t 0 
952 f f |p ric  |a Texas A&M University  |b Rellis Campus  |c Joint Library Facility  |d Remote Storage  |t 0  |e PN1995.62 .V37 1997  |h Library of Congress classification  |i unmediated -- volume  |m A14821132526 
998 f f |a PN1995.62 .V37 1997  |t 0  |l Remote Storage